| 000 | 00639nam a2200217Ia 4500 | ||
|---|---|---|---|
| 003 | GCL | ||
| 008 | 140319s9999 xx 000 0 ara d | ||
| 040 |
_aGCL / _cGCL |
||
| 082 | 0 | 4 |
_a646.2 _bا م |
| 100 | 1 | _aسنجر | |
| 245 | 1 | 0 |
_aموسوعة الخياطة :اسرار الخياطة / _cسنجر |
| 260 |
_a[S.N] : _bأكاديمية انترناشيونال ، _c1992 |
||
| 300 | _a128 ص | ||
| 490 |
_aموسوعة الخياطة _v0 |
||
| 650 | 0 | 4 | _aالملابس |
| 650 | 0 | 4 | _aالحياكة |
| 650 | 0 | 4 | _aتفصيل الملابس |
| 650 | 0 | 4 | _aالازياء |
| 650 | 0 | 4 | _aتصميم الازياء |
| 942 |
_2ddc _cBK |
||
| 999 |
_c36265 _d36265 |
||